| 000 | 00571nam a22002177a 4500 | ||
|---|---|---|---|
| 003 | 0 | ||
| 005 | 20160609165405.0 | ||
| 008 | 100208t xxu||||| |||| 00| 0 eng d | ||
| 020 | _a978-92-5-205837-3 | ||
| 022 | _a1020-2560 | ||
| 040 |
_aBIDOC _bfr _cbidoc |
||
| 110 |
_aFAO/OMS _93492 |
||
| 245 | _aLait et produits laitiers | ||
| 250 | _a1ère édition | ||
| 260 |
_aRome _bFAO/OMS _c2007 |
||
| 300 |
_avii-258 p. _bcouv. ill. en coul. _c25 cm. |
||
| 440 |
_aCodex Alimentarius _93493 |
||
| 650 |
_aLait _93494 |
||
| 650 |
_aProduits laitiers _93495 |
||
| 942 | _cLIVR | ||
| 999 |
_c46917 _d46917 |
||